Statistiques concernant Top 100 DJ MAG 2022

Cliquez ici pour prendre le quiz!

Statistiques générales

  • Ce quiz a été pris 84 fois
  • Le résultat moyen est 23 sur 100

Statistiques - réponses

Réponse% Correct
David Guetta (2)
99%
Dj Snake (44)
88%
Martin Garrix (1)
88%
Marshmello (26)
81%
Calvin Harris (16)
70%
Armin Van Buuren (5)
65%
Dimitri Vegas & Like Mike (3)
61%
Tiesto (15)
61%
Timmy Trumpet (8)
61%
Steve Aoki (7)
59%
Skrillex (23)
58%
Alan Walker (17)
55%
Afrojack (6)
54%
Charlotte De Witte (14)
51%
Lucas & Steve (84)
46%
Lost Frequencies (28)
43%
Carl Cox (22)
42%
Hardwell (43)
42%
Claptone (31)
38%
Mariana Bo (34)
38%
Alok (4)
35%
Don Diablo (9)
35%
Deadmau5 (65)
33%
KSHMR (12)
33%
Nicky Romero (20)
33%
The Chainsmokers (46)
33%
R3HAB (13)
32%
W&W (18)
32%
Alesso (64)
28%
Ofenbach (80)
28%
Oliver Heldens (10)
28%
Peggy Gou (24)
28%
Fisher (48)
26%
Swedish House Mafia (77)
26%
Black Coffee (39)
25%
Fedde Le Grand (19)
25%
Amelie Lens (37)
23%
Angerfist (63)
23%
Nervo (40)
23%
Bassjackers (27)
22%
Boris Brejcha (61)
22%
Blasterjaxx (52)
20%
Gordo (25)
20%
Jay Hardway (98)
20%
Ummet Ozcan (41)
20%
Zedd (58)
20%
Tujamo (35)
19%
Solomun (88)
17%
Vintage Culture (11)
17%
Above & Beyond (30)
14%
Acraze (91)
14%
Mattn (78)
14%
Quintino (33)
14%
Rezz (55)
13%
Vini Vici (21)
13%
Green Velvet (82)
12%
Miss K8 (89)
12%
Morten (56)
12%
Vinai (45)
12%
Adam Beyer (51)
10%
Brennan Heart (68)
10%
Deborah De Luca (50)
10%
Julian Jordan (60)
10%
Will Sparks (62)
10%
Alison Wonderland (47)
9%
ATB (42)
9%
Burak Yeter (76)
9%
Diego Miranda (54)
9%
Eric Prydz (29)
9%
Jamie Jones (32)
9%
Kaaze (70)
9%
Paul Van Dyk (38)
9%
Carta (59)
7%
Cat Dealers (66)
7%
Danny Avila (36)
7%
Joel Corry (67)
7%
Le Twins (92)
7%
Nora En Pure (57)
7%
Beauz (53)
6%
Kura (73)
6%
Naeleck (74)
6%
Pink Panda (75)
6%
Sunnery James & Ryan Marciano (96)
6%
Breathe Carolina (79)
4%
Cuebrick (99)
4%
Honey Dijon (90)
4%
Kaka (95)
4%
Rave Republic (93)
4%
Reinier Zonneverld (49)
4%
The Martinez Brothers (100)
4%
Aryue (86)
3%
Ferry Corsten (87)
3%
Maya Jane Coles (97)
3%
Plastik Funk (72)
3%
Topic (69)
3%
22Bullets (83)
1%
Dubdogz (94)
1%
Mr Pig (85)
1%
Tom & Collins (71)
1%
Tugevaag (81)
1%

Distribution des résultats

Percentile par nombre de réponses

% des personnes avec chaque résultat

Votre développement - résultats

Vous n’avez pas pris ce quiz